000 00216 a2200097 4500
020 _a9781573325349
041 _aeng
100 _aDe Viney,jessica
245 _awhen I Want to do Something Really Special
942 _cBK
999 _c31871
_d31869